Central Library OPAC University of Rajshahi
Normal view MARC view

Entry Geographic Name

Number of records used in: 3

001 - CONTROL NUMBER

  • control field: 17937

003 - CONTROL NUMBER IDENTIFIER

  • control field: BD-RjUL

005 - DATE AND TIME OF LATEST TRANSACTION

  • control field: 20260401100818.0

008 - FIXED-LENGTH DATA ELEMENTS

  • fixed length control field: 260401|| aca||aabn | a|a d

040 ## - CATALOGING SOURCE

  • Original cataloging agency: BD-RjUL
  • Transcribing agency: BD-RjUL

151 ## - HEADING--GEOGRAPHIC NAME

  • Geographic name: Delhi (Sultanate)
  • General subdivision: Politics and government

670 ## - SOURCE DATA FOUND

  • Source citation: Work cat.: (BD-RjUL)86283: Habib, Mohammad, author. 1513, Studies in medieval Indian polity and culture :